| 000 | 00612cam a2200217ua 4500 | ||
|---|---|---|---|
| 001 | 9970 | ||
| 005 | 20260515114541.0 | ||
| 008 | 170228n ii |||gr||||Z||||||eng | ||
| 020 | _a0070531544 | ||
| 040 | _cMAIN | ||
| 041 | _aeng | ||
| 082 | _a600 | ||
| 100 |
_aKalam, APJ Abdul, _eAuthor. |
||
| 245 |
_aEnvisioning an empowered nation : _btechnology for societal transformation / _cBy APJ Abdul Kalam and A Sivathanu Pillai . |
||
| 250 | _a1st ed. | ||
| 260 |
_aNew Delhi: _bTata McGraw hill, _c2004. |
||
| 300 | _a255p. | ||
| 653 | _aTechnology | ||
| 700 |
_aPillai, A Sivathanu, _eAuthor. |
||
| 942 | _cBK | ||
| 999 |
_c8965 _d8965 |
||